| 000 | 00559nam a2200181Ia 4500 | ||
|---|---|---|---|
| 005 | 20250508163728.0 | ||
| 008 | 008 250505s9999 xx 000 0 eng d | ||
| 037 | _aReference | ||
| 040 |
_aFEDL _beng _cFEDL |
||
| 041 |
_aeng _2eng |
||
| 084 |
_a423, WIL _qFEDL |
||
| 100 |
_aWilliams Deborah K _9776135 |
||
| 245 | 0 | _aNtc's dictionary of easily confused words: With complete examples of correct usage | |
| 260 |
_aLincolnwood, USA _bNTC Publishing Group _c1998 |
||
| 300 | _axii,193p. | ||
| 942 |
_cREF _h423, WIL |
||
| 999 |
_c1384930 _d1384930 |
||